000 01010nam a2200301 i 4500
001 bg
003 KOSZ 005
005 20200709090222.0
008 071028s1968 pl a f 000 0 pol
015 _aPB 1968/9675
040 _aWA N
_cKOSZ 005/RW
_dKOSZ 005/RW
080 _a697:631.2
100 1 _aKoryń, Emil.
245 1 0 _aWentylacja i ogrzewnictwo /
_cEmil Koryń.
250 _aWyd. 3 popr. i uzup.
260 _aWarszawa :
_bPaństwowe Wydawnictwo Rolnicze i Leśne,
_c1968.
300 _a214, [2] s., [3] k. tabl. :
_bil. ;
_c25 cm.
380 _aKsiążki.
490 1 _aBudownictwo Wiejskie.
504 _aBibliogr. s. [213].
650 4 _aBudownictwo wiejskie
650 4 _aOgrzewanie
650 4 _aWentylacja
710 2 _aPaństwowe Wydawnictwo Rolnicze i Leśne
_4pbl.
830 0 _aBudownictwo Wiejskie
856 _uhttp://koha.tu.koszalin.pl/cgi-bin/koha/opac-detail.pl?biblionumber=11262
_yKatalog online BPK
942 _2UKD
_cKS
999 _c11262
_d11262